000 00734nas a2200241 4500
001 BR2017000185
003 BR-BrBNA
005 20231205130822.0
007 ta
008 230509b bl.|||p| |||| 00| 00por d
040 _aBR-BrBNA
_bpor
_cBiblioteca Nacional de Agricultura
041 _a(Pt)
072 _aK10
100 1 _aBobrowski, R.
100 1 _aBiondi, D.
245 1 _aComportamento de índices de diversidade na composição da arborização de ruas
650 _aURBANIZAÇÃO
650 _aSILVICULTURA
650 _aPAISAGISMO
773 0 _tFloresta e Ambiente (Brazil)
_xISSN 1415-0980
_g(Oct-Dec 2016), v. 23(4) p. 475-486
_wBR2017000185
909 _a202311
_bLúcia
_c55
_dLúcia Elande
942 _2AGRIS
_n0
_cANA
999 _c251436
_d251436